[Event "FIDE World Senior Team Championship 2020"]
[Site "Olympik hotel, Sokolovska 138, Prague"]
[Date "2020.03.11"]
[Round "6.1.1"]
[White "Graf, Alexander"]
[Black "Shabalov, Alexander"]
[Result "1-0"]
[WhiteElo "2575"]
[BlackElo "2524"]
[PlyCount "73"]
[WhiteTeam "GER"]
[BlackTeam "USA1"]
[EventDate "2020.03.06"]

1. Nf3 Nf6 2. g3 g6 3. Bg2 Bg7 4. O-O O-O 5. c4 d6 6. Nc3 e5 7. d3 c6 8. Rb1 a6
9. b4 b5 10. Bg5 h6 11. Bxf6 Qxf6 12. Nd2 Qd8 13. Qc2 Be6 14. a4 bxc4 15. dxc4
f5 16. e4 f4 17. b5 axb5 18. cxb5 Rf7 19. Rfd1 Qb6 20. bxc6 Qxc6 21. Rdc1 Na6
22. Nd5 Qxc2 23. Rxc2 Nc5 24. Nc4 f3 25. Nxd6 Bxd5 26. exd5 Rd7 27. Rxc5 fxg2
28. Nc4 Rxa4 29. Rb8+ Kh7 30. d6 Raa7 31. Rbc8 e4 32. R5c7 g5 33. Kxg2 Rdxc7
34. dxc7 Kg6 35. Nd6 e3 36. fxe3 Ra2+ 37. Kf1 1-0

[Event "FIDE World Senior Team Championship 2020"]
[Site "Olympik hotel, Sokolovska 138, Prague"]
[Date "2020.03.11"]
[Round "6.1.2"]
[White "Kaidanov, Gregory"]
[Black "Jussupow, Artur"]
[Result "1/2-1/2"]
[WhiteElo "2546"]
[BlackElo "2560"]
[PlyCount "33"]
[WhiteTeam "USA1"]
[BlackTeam "GER"]
[EventDate "2020.03.06"]

1. Nf3 d5 2. g3 c6 3. Bg2 g6 4. O-O Bg7 5. d4 Nf6 6. Bf4 Nbd7 7. Qc1 h6 8. c4
g5 9. Bd2 Ne4 10. cxd5 cxd5 11. Nc3 Nb6 12. Nxe4 dxe4 13. Ne5 Bf5 14. Qc5 Qd5
15. Qxd5 Nxd5 16. e3 g4 17. Rfc1 1/2-1/2

[Event "FIDE World Senior Team Championship 2020"]
[Site "Olympik hotel, Sokolovska 138, Prague"]
[Date "2020.03.11"]
[Round "6.1.3"]
[White "Levin, Felix"]
[Black "Benjamin, Joel"]
[Result "1/2-1/2"]
[WhiteElo "2480"]
[BlackElo "2508"]
[PlyCount "70"]
[WhiteTeam "GER"]
[BlackTeam "USA1"]
[EventDate "2020.03.06"]

1. d4 Nf6 2. c4 e6 3. g3 Bb4+ 4. Bd2 Qe7 5. Nf3 Nc6 6. Nc3 Bxc3 7. Bxc3 Ne4 8.
Rc1 d6 9. d5 Nxc3 10. Rxc3 Nd8 11. Bg2 O-O 12. O-O e5 13. c5 dxc5 14. Qc2 e4
15. Nd2 f5 16. f3 e3 17. Nc4 f4 18. gxf4 Rxf4 19. Nxe3 Nf7 20. Nd1 b6 21. e3
Rh4 22. f4 Nd6 23. e4 Ba6 24. Rf2 Rf8 25. Ra3 Bb5 26. Rxa7 Rhxf4 27. a4 Be8 28.
a5 Qe5 29. Qc3 Qg5 30. Qg3 Rg4 31. Rxf8+ Kxf8 32. Qf3+ Rf4 33. Qg3 Rg4 34. Qf3+
Rf4 35. Qg3 Rg4 1/2-1/2

[Event "FIDE World Senior Team Championship 2020"]
[Site "Olympik hotel, Sokolovska 138, Prague"]
[Date "2020.03.11"]
[Round "6.1.4"]
[White "Novikov, Igor"]
[Black "Meister, Jakob"]
[Result "1-0"]
[WhiteElo "2551"]
[BlackElo "2427"]
[PlyCount "97"]
[WhiteTeam "USA1"]
[BlackTeam "GER"]
[EventDate "2020.03.06"]

1. d4 Nf6 2. c4 e6 3. Nf3 Bb4+ 4. Bd2 Bxd2+ 5. Qxd2 O-O 6. g3 b6 7. Bg2 Bb7 8.
Nc3 d6 9. d5 exd5 10. cxd5 b5 11. Nxb5 Bxd5 12. Rc1 c6 13. Nc3 Ne4 14. Nxe4
Bxe4 15. O-O Qe7 16. Rfd1 Rd8 17. Qe3 Qe8 18. Nd4 Bxg2 19. Qxe8+ Rxe8 20. Kxg2
a5 21. Nxc6 Nxc6 22. Rxc6 Rxe2 23. Rcxd6 g6 24. R1d2 Ree8 25. Rb6 Ra7 26. a4 h5
27. b3 Rc8 28. Kh3 Kg7 29. Kh4 Rc3 30. Kh3 Re7 31. Rb5 Ra7 32. Kg2 Kf6 33. Rd6+
Kg7 34. Rdb6 Rc2 35. Rb7 Ra6 36. R5b6 Rxb6 37. Rxb6 Rb2 38. h4 f6 39. Rb5 Kh6
40. Kf3 g5 41. g4 hxg4+ 42. Kxg4 gxh4 43. f3 Kg6 44. Kxh4 Rd2 45. Rxa5 Rd3 46.
Rb5 Rxf3 47. a5 Rf4+ 48. Kg3 Rf1 49. Rb4 1-0

[Event "FIDE World Senior Team Championship 2020"]
[Site "Olympik hotel, Sokolovska 138, Prague"]
[Date "2020.03.11"]
[Round "6.2.1"]
[White "Hracek, Zbynek"]
[Black "Bryson, Douglas M"]
[Result "1-0"]
[WhiteElo "2572"]
[BlackElo "2334"]
[PlyCount "103"]
[WhiteTeam "CZE1"]
[BlackTeam "SCO1"]
[EventDate "2020.03.06"]

1. e4 d5 2. exd5 Nf6 3. Nf3 Qxd5 4. Nc3 Qa5 5. d4 Bf5 6. Bd2 e6 7. Ne5 Qb6 8.
Qf3 c6 9. O-O-O Nbd7 10. Nc4 Qd8 11. h3 Be7 12. g4 Bg6 13. Bd3 Bxd3 14. Qxd3 b5
15. Ne3 Nb6 16. f4 Nfd5 17. f5 Nxe3 18. Bxe3 exf5 19. gxf5 b4 20. Ne4 O-O 21.
Rhg1 Kh8 22. Rg4 f6 23. Ng3 Qd5 24. b3 Qf7 25. Ne2 Nd5 26. Rdg1 Bd6 27. Rxg7
Qxg7 28. Rxg7 Kxg7 29. Bd2 Rac8 30. Ng3 Bxg3 31. Qxg3+ Kh8 32. Qd6 a5 33. a3
Rfd8 34. Qc5 Rb8 35. Kb2 Rdc8 36. Qxa5 Ra8 37. Qc5 bxa3+ 38. Ka2 Re8 39. Qc4
Rac8 40. Kxa3 Re7 41. Qa6 Rcc7 42. Kb2 Kg7 43. h4 Red7 44. h5 Ne7 45. Qe2 Rxd4
46. Bc3 Rd5 47. h6+ Kf8 48. Qe6 Nxf5 49. Bb4+ Ne7 50. Qxf6+ Ke8 51. Qh8+ Kd7
52. Bxe7 1-0

[Event "FIDE World Senior Team Championship 2020"]
[Site "Olympik hotel, Sokolovska 138, Prague"]
[Date "2020.03.11"]
[Round "6.2.2"]
[White "Farrell, Neil"]
[Black "Haba, Petr"]
[Result "0-1"]
[WhiteElo "2183"]
[BlackElo "2470"]
[PlyCount "76"]
[WhiteTeam "SCO1"]
[BlackTeam "CZE1"]
[EventDate "2020.03.06"]

1. d4 d5 2. c4 dxc4 3. Nf3 Nf6 4. e3 e6 5. Bxc4 c5 6. O-O a6 7. Bb3 Nbd7 8. Re1
b5 9. e4 Bb7 10. e5 Nd5 11. Nbd2 cxd4 12. Ne4 Nc5 13. Bg5 Qb6 14. Bxd5 Bxd5 15.
Qxd4 Nd7 16. Qd2 h6 17. Bf4 Qb7 18. Nd6+ Bxd6 19. exd6 Bxf3 20. gxf3 Qxf3 21.
Re3 Qh5 22. Rc1 O-O 23. Rc7 Rad8 24. Rg3 Kh7 25. Qd4 e5 26. Qd5 Qf5 27. Be3 Nf6
28. Qg2 Nh5 29. Qd5 Nxg3 30. hxg3 Rd7 31. Rc6 Re8 32. Rxa6 Re6 33. Bc5 h5 34.
b4 h4 35. Ra8 hxg3 36. fxg3 Rh6 37. Re8 Qb1+ 38. Kg2 Qh1+ 0-1

[Event "FIDE World Senior Team Championship 2020"]
[Site "Olympik hotel, Sokolovska 138, Prague"]
[Date "2020.03.11"]
[Round "6.2.3"]
[White "Velicka, Petr"]
[Black "Grant, Jonathan I M"]
[Result "1-0"]
[WhiteElo "2425"]
[BlackElo "2166"]
[PlyCount "85"]
[WhiteTeam "CZE1"]
[BlackTeam "SCO1"]
[EventDate "2020.03.06"]

1. Nf3 Nf6 2. c4 c5 3. Nc3 e6 4. g3 b6 5. Bg2 Bb7 6. O-O Be7 7. Re1 d5 8. cxd5
Nxd5 9. Nxd5 exd5 10. d4 O-O 11. b3 Nd7 12. Bb2 Bf6 13. Qd2 Re8 14. Rac1 Rc8
15. Bh3 Rc6 16. dxc5 Bxb2 17. Qxb2 Rxc5 18. b4 Rxc1 19. Rxc1 b5 20. Bxd7 Qxd7
21. Nd4 h5 22. Rc5 a6 23. Qc3 Rc8 24. Rxc8+ Qxc8 25. Qxc8+ Bxc8 26. f3 Kf8 27.
Kf2 Ke7 28. Ke3 Bd7 29. Nb3 Kd6 30. Kd4 g5 31. Nc5 Bc8 32. e4 Be6 33. e5+ Kc6
34. Nxa6 Bf5 35. Nc5 Bb1 36. a4 bxa4 37. Nxa4 Bc2 38. Nc3 Bb3 39. f4 gxf4 40.
gxf4 h4 41. Nxd5 Kb5 42. f5 Bc2 43. f6 1-0

[Event "FIDE World Senior Team Championship 2020"]
[Site "Olympik hotel, Sokolovska 138, Prague"]
[Date "2020.03.11"]
[Round "6.2.4"]
[White "Burnett, Andrew"]
[Black "Langner, Ladislav"]
[Result "1-0"]
[WhiteElo "2138"]
[BlackElo "2377"]
[PlyCount "87"]
[WhiteTeam "SCO1"]
[BlackTeam "CZE1"]
[EventDate "2020.03.06"]

1. Nf3 Nf6 2. c4 g6 3. Nc3 c5 4. d4 cxd4 5. Nxd4 b6 6. e4 d6 7. f3 Bg7 8. Be3
Bb7 9. Be2 Nbd7 10. Qd2 Rc8 11. Rc1 a6 12. b3 O-O 13. O-O e6 14. Rfd1 Qc7 15.
Bf1 Rfe8 16. Nde2 Bf8 17. Nf4 Qb8 18. Kh1 Be7 19. Qf2 Bd8 20. a4 Kh8 21. Be2
Rg8 22. Nh3 Kg7 23. Bf4 Ne5 24. Qe3 h5 25. Rd2 Bc6 26. Rcd1 Be7 27. Bh6+ Kh7
28. Bg5 Kg7 29. Bh6+ Kh7 30. Bg5 Kg7 31. Qf4 Ned7 32. Qh4 Qb7 33. Nf4 Nc5 34.
Rxd6 Nxb3 35. e5 Bxd6 36. Bxf6+ Kf8 37. Rxd6 Nc5 38. Qg5 Nd7 39. Qh6+ Ke8 40.
Qh7 Nxf6 41. exf6 Rf8 42. Nxe6 fxe6 43. Rxe6+ Kd8 44. Qe7+ 1-0

[Event "FIDE World Senior Team Championship 2020"]
[Site "Olympik hotel, Sokolovska 138, Prague"]
[Date "2020.03.11"]
[Round "6.3.1"]
[White "Petursson, Margeir"]
[Black "Ftacnik, Lubomir"]
[Result "1/2-1/2"]
[WhiteElo "2466"]
[BlackElo "2513"]
[PlyCount "37"]
[WhiteTeam "ISL"]
[BlackTeam "SVK"]
[EventDate "2020.03.06"]

1. d4 Nf6 2. Nf3 g6 3. g3 Bg7 4. Bg2 d5 5. O-O O-O 6. Nbd2 Na6 7. Nb3 c6 8. Bf4
Bf5 9. Rc1 Rc8 10. Re1 Ne4 11. Nfd2 Nxd2 12. Qxd2 Re8 13. c4 dxc4 14. Rxc4 e5
15. Bg5 f6 16. Be3 Be6 17. Rc3 e4 18. Bh6 Bd5 19. Bxg7 1/2-1/2

[Event "FIDE World Senior Team Championship 2020"]
[Site "Olympik hotel, Sokolovska 138, Prague"]
[Date "2020.03.11"]
[Round "6.3.2"]
[White "Stohl, Igor"]
[Black "Thorhallsson, Throstur"]
[Result "1/2-1/2"]
[WhiteElo "2470"]
[BlackElo "2424"]
[PlyCount "21"]
[WhiteTeam "SVK"]
[BlackTeam "ISL"]
[EventDate "2020.03.06"]

1. c4 e6 2. Nf3 d5 3. b3 Nf6 4. Bb2 Be7 5. g3 O-O 6. Bg2 c5 7. cxd5 Nxd5 8. Nc3
Nxc3 9. Bxc3 Nc6 10. O-O Qc7 11. Qc2 1/2-1/2

[Event "FIDE World Senior Team Championship 2020"]
[Site "Olympik hotel, Sokolovska 138, Prague"]
[Date "2020.03.11"]
[Round "6.3.3"]
[White "Jonsson, Bjorgvin"]
[Black "Motuz, Karol"]
[Result "1/2-1/2"]
[WhiteElo "2324"]
[BlackElo "2368"]
[PlyCount "49"]
[WhiteTeam "ISL"]
[BlackTeam "SVK"]
[EventDate "2020.03.06"]

1. e4 e5 2. Nf3 Nc6 3. Bb5 a6 4. Ba4 Nf6 5. O-O Nxe4 6. d4 b5 7. Bb3 d5 8. dxe5
Be6 9. Nbd2 Nc5 10. c3 Be7 11. Bc2 d4 12. Ne4 d3 13. Nxc5 dxc2 14. Qxd8+ Rxd8
15. Nxe6 fxe6 16. Be3 Rd5 17. Rfc1 Nxe5 18. Nxe5 Rxe5 19. Rxc2 Kf7 20. c4 b4
21. Rd1 Rd8 22. Rxd8 Bxd8 23. Rd2 Ke8 24. Kf1 Bg5 25. Bxg5 1/2-1/2

[Event "FIDE World Senior Team Championship 2020"]
[Site "Olympik hotel, Sokolovska 138, Prague"]
[Date "2020.03.11"]
[Round "6.3.4"]
[White "Petran, Peter"]
[Black "Gislason, Gudmundur"]
[Result "0-1"]
[WhiteElo "2268"]
[BlackElo "2322"]
[PlyCount "116"]
[WhiteTeam "SVK"]
[BlackTeam "ISL"]
[EventDate "2020.03.06"]

1. g3 Nf6 2. Bg2 g6 3. e4 d6 4. d4 Bg7 5. Ne2 O-O 6. Nbc3 e5 7. h3 a6 8. a4 Nc6
9. Be3 Rb8 10. d5 Ne7 11. a5 Nd7 12. O-O Qe8 13. f3 f5 14. Qd2 Rf7 15. Na4 Nf6
16. c4 Nh5 17. Ba7 Ra8 18. Bf2 Bd7 19. b3 Qc8 20. Kh2 Qf8 21. Nac3 Bh6 22. Qe1
Qg7 23. g4 Nf4 24. Bg3 Nxg2 25. Kxg2 Raf8 26. Bf2 fxg4 27. fxg4 Bg5 28. Ng3 h5
29. Qe2 hxg4 30. hxg4 Rf4 31. Be3 Bxg4 32. Qd2 Qh6 33. Bxf4 Qh3+ 34. Kg1 Bxf4
35. Qh2 Qxg3+ 36. Qxg3 Bxg3 37. Rxf8+ Kxf8 38. Kg2 Bf4 39. Kf2 Ng8 40. Ne2 Bd2
41. Ra2 Nf6 42. Ng3 Bb4 43. Ra4 Bc3 44. Ke3 Nd7 45. Ne2 Bxe2 46. Kxe2 Nc5 47.
Ra2 Nxb3 48. Ra3 Nd4+ 49. Kd3 Bb4 50. Ra2 Kg7 51. Ra4 Bc5 52. Ra2 g5 53. Rb2 b6
54. Ra2 bxa5 55. Rxa5 g4 56. Rxa6 g3 57. Ke3 Kg6 58. Ra8 Kg5 0-1

[Event "FIDE World Senior Team Championship 2020"]
[Site "Olympik hotel, Sokolovska 138, Prague"]
[Date "2020.03.11"]
[Round "6.4.1"]
[White "Matveeva, Svetlana"]
[Black "Potapov, Alexander"]
[Result "1/2-1/2"]
[WhiteElo "2375"]
[BlackElo "2413"]
[PlyCount "78"]
[WhiteTeam "RUS2"]
[BlackTeam "RUS1"]
[EventDate "2020.03.06"]

1. d4 d5 2. c4 c6 3. Nc3 e6 4. e3 Nf6 5. Nf3 Nbd7 6. Qc2 Be7 7. b3 b6 8. Bd3
Bb7 9. O-O O-O 10. Bb2 Qc7 11. Rac1 Rad8 12. Rfd1 Rfe8 13. Qe2 h6 14. e4 dxe4
15. Nxe4 c5 16. dxc5 Bxe4 17. Bxe4 Bxc5 18. Bc2 e5 19. Bf5 e4 20. Nd4 Ne5 21.
Nb5 Rxd1+ 22. Rxd1 Qb8 23. Bd4 Nd3 24. Qe3 Bxd4 25. Nxd4 Qe5 26. f3 Nb4 27.
Bxe4 Nxa2 28. Ra1 Nb4 29. Rxa7 Qc5 30. Ra8 Rxa8 31. Bxa8 Qa5 32. Be4 Qa1+ 33.
Kf2 Qb2+ 34. Ne2 Nxe4+ 35. Qxe4 Qd2 36. Qe8+ Kh7 37. Qe4+ Kg8 38. Qe8+ Kh7 39.
Qe4+ Kg8 1/2-1/2

[Event "FIDE World Senior Team Championship 2020"]
[Site "Olympik hotel, Sokolovska 138, Prague"]
[Date "2020.03.11"]
[Round "6.4.2"]
[White "Sergeyev, Alexander"]
[Black "Grabuzova, Tatiana"]
[Result "1-0"]
[WhiteElo "2398"]
[BlackElo "2272"]
[PlyCount "113"]
[WhiteTeam "RUS1"]
[BlackTeam "RUS2"]
[EventDate "2020.03.06"]

1. d4 e6 2. c4 d5 3. Nc3 c5 4. cxd5 exd5 5. Nf3 Nc6 6. g3 Nf6 7. Bg2 cxd4 8.
Nxd4 Bc5 9. Nb3 Bb6 10. O-O d4 11. Na4 O-O 12. Bg5 h6 13. Nxb6 axb6 14. Bxc6
bxc6 15. Bxf6 Qxf6 16. Qxd4 Qd8 17. Rfd1 Be6 18. Qc3 Qe8 19. Rd2 c5 20. a3 Qb5
21. Nc1 Rfd8 22. Rxd8+ Rxd8 23. Nd3 Bg4 24. a4 Qa6 25. Kf1 Rd4 26. a5 bxa5 27.
Re1 Qc4 28. f3 Bh3+ 29. Kf2 Bf5 30. Qxc4 Rxc4 31. e4 Be6 32. Rc1 Rxc1 33. Nxc1
Kf8 34. Nd3 c4 35. Nc5 Bc8 36. Ke3 Ke7 37. Kd4 Kd6 38. Kxc4 Kc6 39. f4 g6 40.
h4 h5 41. Nb3 Be6+ 42. Kc3 Kb6 43. Nd4 Bc8 44. Nf3 Bb7 45. Kd4 Kb5 46. Ne5 f5
47. exf5 gxf5 48. Kc3 a4 49. Nd7 Bc6 50. Nf6 Bf3 51. Ne8 Kc5 52. Ng7 Bg4 53.
Ne6+ Kb5 54. Nd4+ Kc5 55. Nc2 Bf3 56. Nd4 Bg4 57. b4+ axb3 58. Nxb3+ Kd5 59.
Kd3 Bf3 60. Nd2 Bg2 61. Ke3 Bh1 62. Nb1 Bg2 63. Nc3+ Kc4 64. Nd1 Bf1 65. Kf2
Bh3 66. Kg1 Kd4 67. Nf2 1-0

[Event "FIDE World Senior Team Championship 2020"]
[Site "Olympik hotel, Sokolovska 138, Prague"]
[Date "2020.03.11"]
[Round "6.4.3"]
[White "Yakimenko, Alexander A."]
[Black "Goriatchkin, Jouri"]
[Result "1/2-1/2"]
[WhiteElo "2149"]
[BlackElo "2310"]
[PlyCount "83"]
[WhiteTeam "RUS2"]
[BlackTeam "RUS1"]
[EventDate "2020.03.06"]

1. e4 e6 2. d4 d5 3. Nc3 Nf6 4. Bg5 Bb4 5. Nge2 dxe4 6. a3 Be7 7. Bxf6 Bxf6 8.
Nxe4 Nd7 9. g3 Be7 10. Bg2 Nf6 11. O-O O-O 12. Qd3 c6 13. N2c3 Rb8 14. Rad1 Qb6
15. Nxf6+ Bxf6 16. Ne4 Be7 17. b4 a5 18. c3 Qc7 19. f4 b6 20. Ng5 Bxg5 21. fxg5
axb4 22. axb4 c5 23. Qc4 Bb7 24. d5 exd5 25. Bxd5 Qe7 26. Rfe1 Qxg5 27. bxc5
bxc5 28. Qxc5 h6 29. c4 Bxd5 30. cxd5 Rfd8 31. Qd4 Rd6 32. Re5 Qg6 33. Rde1 Rb1
34. Rxb1 Qxb1+ 35. Kg2 Qc2+ 36. Kh3 Qc8+ 37. Kg2 Qc2+ 38. Kh3 Qc8+ 39. Kg2 Qc2+
40. Kh3 Kh7 41. Qf4 Qc8+ 42. Kg2 1/2-1/2

[Event "FIDE World Senior Team Championship 2020"]
[Site "Olympik hotel, Sokolovska 138, Prague"]
[Date "2020.03.11"]
[Round "6.4.4"]
[White "Tolstikh, Nikolay"]
[Black "Chudinovskikh, Alexander M"]
[Result "1/2-1/2"]
[WhiteElo "2320"]
[BlackElo "2139"]
[PlyCount "100"]
[WhiteTeam "RUS1"]
[BlackTeam "RUS2"]
[EventDate "2020.03.06"]

1. d4 Nf6 2. c4 e6 3. Nf3 c5 4. d5 exd5 5. cxd5 d6 6. Nc3 g6 7. Nd2 Nbd7 8. e4
Bg7 9. Be2 O-O 10. O-O Re8 11. a4 Ne5 12. Ra3 b6 13. h3 g5 14. Nf3 Nxf3+ 15.
Bxf3 h6 16. Re1 Re5 17. Nb1 h5 18. g4 hxg4 19. hxg4 Qe7 20. Rae3 Qd7 21. Nd2
Ba6 22. b3 Nh7 23. Bb2 Nf8 24. Bxe5 Bxe5 25. Be2 Bb7 26. Bb5 Qc7 27. Nc4 Bd4
28. Rd3 a6 29. Bc6 Bxc6 30. dxc6 Qxc6 31. Rxd4 cxd4 32. Qxd4 b5 33. Nxd6 Rd8
34. e5 bxa4 35. bxa4 Ng6 36. Qe4 Qxe4 37. Nxe4 Rd4 38. f3 Rxa4 39. Nxg5 Ra5 40.
e6 Rxg5 41. e7 Nxe7 42. Rxe7 Ra5 43. Kg2 f5 44. gxf5 Rxf5 45. Ra7 Rf6 46. Kg3
Rb6 47. Kg4 Rc6 48. f4 Rb6 49. Kg5 Rc6 50. f5 Rb6 1/2-1/2

[Event "FIDE World Senior Team Championship 2020"]
[Site "Olympik hotel, Sokolovska 138, Prague"]
[Date "2020.03.11"]
[Round "6.5.2"]
[White "Plotkin, Victor"]
[Black "Flear, Glenn C"]
[Result "1/2-1/2"]
[WhiteElo "2339"]
[BlackElo "2420"]
[PlyCount "31"]
[WhiteTeam "CAN"]
[BlackTeam "ENG1"]
[EventDate "2020.03.06"]

1. e4 e5 2. Nf3 Nc6 3. Bc4 Bc5 4. d3 Nf6 5. Nc3 d6 6. Be3 Bxe3 7. fxe3 O-O 8.
O-O Ne7 9. Qe1 c6 10. Bb3 Ng6 11. Nh4 Nxh4 12. Qxh4 Be6 13. Rf3 Nd7 14. Qf2 Nc5
15. Bxe6 fxe6 16. Rxf8+ 1/2-1/2

[Event "FIDE World Senior Team Championship 2020"]
[Site "Olympik hotel, Sokolovska 138, Prague"]
[Date "2020.03.11"]
[Round "6.5.3"]
[White "McDonald, Neil"]
[Black "Findlay, Ian T."]
[Result "1-0"]
[WhiteElo "2410"]
[BlackElo "2159"]
[PlyCount "67"]
[WhiteTeam "ENG1"]
[BlackTeam "CAN"]
[EventDate "2020.03.06"]

1. e4 c5 2. Nf3 d6 3. d4 cxd4 4. Nxd4 Nf6 5. Nc3 g6 6. Be3 Bg7 7. f3 Nc6 8. Qd2
O-O 9. O-O-O d5 10. Nxc6 bxc6 11. Bh6 Bxh6 12. Qxh6 Rb8 13. e5 Nd7 14. Rd4 Re8
15. e6 fxe6 16. Bd3 Nf8 17. h4 Qd6 18. h5 Qe5 19. Rg4 Qg7 20. hxg6 Qxh6+ 21.
Rxh6 hxg6 22. Bxg6 Nxg6 23. Rhxg6+ Kf7 24. Rh6 Rf8 25. Rf4+ Ke8 26. Rxf8+ Kxf8
27. Rh8+ Kg7 28. Rd8 e5 29. a3 a5 30. Na4 Kf7 31. Nc5 Rb5 32. Nd3 Bb7 33. a4
Rb6 34. Rb8 1-0

[Event "FIDE World Senior Team Championship 2020"]
[Site "Olympik hotel, Sokolovska 138, Prague"]
[Date "2020.03.11"]
[Round "6.5.4"]
[White "Barron, Michael"]
[Black "Plaskett, H James"]
[Result "1-0"]
[WhiteElo "2075"]
[BlackElo "2401"]
[PlyCount "61"]
[WhiteTeam "CAN"]
[BlackTeam "ENG1"]
[EventDate "2020.03.06"]

1. e4 g6 2. d4 Bg7 3. Nc3 d6 4. Be3 c6 5. Qd2 b5 6. Bd3 Nd7 7. Nf3 Bb7 8. a4 b4
9. Ne2 a5 10. Ng3 h5 11. h4 Nh6 12. c3 Rb8 13. O-O Ng4 14. Bg5 c5 15. Bb5 bxc3
16. bxc3 O-O 17. Rfe1 Rc8 18. Rad1 cxd4 19. cxd4 Nb8 20. e5 dxe5 21. Nxe5 Qd5
22. f3 Nxe5 23. dxe5 Qc5+ 24. Qf2 Bxe5 25. Qxc5 Rxc5 26. Bxe7 Rxb5 27. axb5
Bxg3 28. Bxf8 Kxf8 29. Rd8+ Kg7 30. Ree8 Nc6 31. Rd7 1-0

[Event "FIDE World Senior Team Championship 2020"]
[Site "Olympik hotel, Sokolovska 138, Prague"]
[Date "2020.03.11"]
[Round "6.6.1"]
[White "Kozak, Milos"]
[Black "Sokolin, Leonid"]
[Result "1/2-1/2"]
[WhiteElo "2174"]
[BlackElo "2496"]
[PlyCount "25"]
[WhiteTeam "CZE5"]
[BlackTeam "USA2"]
[EventDate "2020.03.06"]

1. d4 g6 2. c4 Bg7 3. Nf3 c5 4. d5 f5 5. g3 e5 6. dxe6 dxe6 7. Qxd8+ Kxd8 8.
Nc3 Nc6 9. Bd2 Nf6 10. O-O-O Ke7 11. Bg2 Bd7 12. Bf4 Rac8 13. Bd6+ 1/2-1/2

[Event "FIDE World Senior Team Championship 2020"]
[Site "Olympik hotel, Sokolovska 138, Prague"]
[Date "2020.03.11"]
[Round "6.6.2"]
[White "Dolgitser, Konstantin"]
[Black "Bartos, Jan"]
[Result "1/2-1/2"]
[WhiteElo "2232"]
[BlackElo "2102"]
[PlyCount "31"]
[WhiteTeam "USA2"]
[BlackTeam "CZE5"]
[EventDate "2020.03.06"]

1. d4 Nf6 2. c4 e6 3. Nf3 d5 4. g3 Bb4+ 5. Bd2 Be7 6. Bg2 O-O 7. O-O c6 8. Qc2
Nbd7 9. Bc3 b6 10. Nbd2 Bb7 11. e4 dxc4 12. e5 Nd5 13. Nxc4 Rc8 14. Ne3 c5 15.
Nxd5 Bxd5 16. Rfe1 1/2-1/2

[Event "FIDE World Senior Team Championship 2020"]
[Site "Olympik hotel, Sokolovska 138, Prague"]
[Date "2020.03.11"]
[Round "6.6.3"]
[White "Trejbal, Stanislav"]
[Black "Koganov, Mikhail"]
[Result "0-1"]
[WhiteElo "2092"]
[BlackElo "2085"]
[PlyCount "132"]
[WhiteTeam "CZE5"]
[BlackTeam "USA2"]
[EventDate "2020.03.06"]

1. e4 d6 2. d4 Nf6 3. Nc3 e5 4. d5 Be7 5. Nge2 h5 6. Bg5 Nxd5 7. Bxe7 Nxe7 8.
Qd2 Be6 9. O-O-O Ng6 10. f4 exf4 11. Nxf4 Nxf4 12. Qxf4 Nd7 13. Bb5 O-O 14.
Bxd7 Qxd7 15. e5 Bg4 16. Rd4 dxe5 17. Qxe5 Qe6 18. Qg5 Qg6 19. Qxg6 fxg6 20. h3
Be6 21. Re1 c5 22. Rde4 Bf5 23. Re7 Rf7 24. R1e5 Rxe7 25. Rxe7 b6 26. Nd5 Rd8
27. Ne3 Bd7 28. b3 Kf8 29. Re5 Re8 30. Nc4 b5 31. Rxe8+ Bxe8 32. Ne5 Ke7 33.
Kd2 Kd6 34. Nd3 Bc6 35. g3 g5 36. Ke3 c4 37. bxc4 bxc4 38. Nf2 Ke5 39. h4 gxh4
40. gxh4 Bg2 41. c3 a6 42. a3 Kf5 43. Nd1 Kg4 44. Kf2 Bb7 45. Ne3+ Kxh4 46.
Nxc4 Kg5 47. Na5 Bc8 48. c4 Kf6 49. Nc6 Bb7 50. Nb4 Ke7 51. c5 a5 52. c6 Bc8
53. Nd5+ Kd6 54. Nf4 h4 55. Ng6 h3 56. Kg3 Kxc6 57. Ne7+ Kc7 58. Nd5+ Kd6 59.
Nb6 Be6 60. Na4 g5 61. Nc3 g4 62. Ne2 Bd7 63. Nc3 Ke5 64. Ne2 a4 65. Nc1 Kd4
66. Ne2+ Kc4 0-1

[Event "FIDE World Senior Team Championship 2020"]
[Site "Olympik hotel, Sokolovska 138, Prague"]
[Date "2020.03.11"]
[Round "6.6.4"]
[White "Leverett, Bruce"]
[Black "Chaloupka, Frantisek"]
[Result "1-0"]
[WhiteElo "2264"]
[BlackElo "1990"]
[PlyCount "79"]
[WhiteTeam "USA2"]
[BlackTeam "CZE5"]
[EventDate "2020.03.06"]

1. d4 d5 2. c4 dxc4 3. e3 Nf6 4. Bxc4 e6 5. Nf3 c5 6. O-O a6 7. Nc3 b5 8. Bb3
Bb7 9. e4 cxd4 10. Nxd4 Bb4 11. e5 Bxc3 12. bxc3 Nd5 13. Qg4 O-O 14. Bh6 g6 15.
Bxf8 Kxf8 16. Rad1 Nd7 17. Rfe1 Qe7 18. c4 bxc4 19. Bxc4 N7b6 20. Bb3 Rc8 21.
Rc1 Qd7 22. Rxc8+ Nxc8 23. Rc1 Nce7 24. Ba4 Qd8 25. Nb3 Nb6 26. Nc5 Bd5 27. Bb3
Bxb3 28. axb3 Qd2 29. Qd1 Qxd1+ 30. Rxd1 a5 31. f4 Nbd5 32. g3 Nc6 33. Ra1 g5
34. fxg5 Nxe5 35. h4 Ke7 36. Rxa5 Nf3+ 37. Kf2 Nd4 38. Ra7+ Kf8 39. h5 Kg7 40.
Rb7 1-0

[Event "FIDE World Senior Team Championship 2020"]
[Site "Olympik hotel, Sokolovska 138, Prague"]
[Date "2020.03.11"]
[Round "6.7.1"]
[White "Priehoda, Vitezslav"]
[Black "Vltavsky, Vladimir"]
[Result "0-1"]
[WhiteElo "2337"]
[BlackElo "2212"]
[PlyCount "72"]
[WhiteTeam "CZE2"]
[BlackTeam "CZE4"]
[EventDate "2020.03.06"]

1. d4 Nf6 2. c4 e6 3. Nc3 Bb4 4. e3 c5 5. Bd3 Nc6 6. Nge2 cxd4 7. exd4 d5 8. c5
O-O 9. a3 Bxc3+ 10. bxc3 b6 11. cxb6 axb6 12. O-O Ba6 13. Bc2 Ne4 14. f3 Nd6
15. Re1 Na5 16. a4 Rc8 17. Bd3 Bxd3 18. Qxd3 Nb3 19. Ra2 Nxc1 20. Rxc1 Ra8 21.
Rb1 Nc4 22. Rb4 Qc7 23. Qb1 Ra7 24. h3 Rfa8 25. Qb3 g6 26. Kf2 Kg7 27. Qd1 Ra5
28. Qb3 h5 29. Qb1 Qd7 30. Qb3 b5 31. Nc1 Rxa4 32. Raxa4 bxa4 33. Qa2 a3 34.
Nd3 Qc7 35. Nc5 Qf4 36. Kg1 Qd2 0-1

[Event "FIDE World Senior Team Championship 2020"]
[Site "Olympik hotel, Sokolovska 138, Prague"]
[Date "2020.03.11"]
[Round "6.7.2"]
[White "Cerny, Martin"]
[Black "Vokac, Marek"]
[Result "0-1"]
[WhiteElo "2123"]
[BlackElo "2348"]
[PlyCount "110"]
[WhiteTeam "CZE4"]
[BlackTeam "CZE2"]
[EventDate "2020.03.06"]

1. d4 Nf6 2. c4 c5 3. e3 g6 4. Nc3 Bg7 5. Be2 O-O 6. Bf3 cxd4 7. exd4 Nc6 8.
Nge2 d6 9. O-O Bg4 10. Bxg4 Nxg4 11. b3 d5 12. h3 Nf6 13. c5 b6 14. cxb6 axb6
15. Be3 Qd7 16. Qb1 Rfc8 17. Rc1 e6 18. Na4 Qb7 19. Qd3 Nd7 20. Nec3 Bf8 21.
Nb5 Qa6 22. Qf1 Qb7 23. Bd2 Nf6 24. Rc2 Ne4 25. Be1 Nd6 26. Nxd6 Bxd6 27. Rd1
b5 28. Nc5 Qb6 29. b4 Rc7 30. Qd3 Rca7 31. Qe2 Ne7 32. g4 Kg7 33. Bd2 Ng8 34.
Bc1 Nf6 35. a3 h5 36. Kg2 hxg4 37. hxg4 Rh8 38. Rh1 Rxh1 39. Kxh1 Qd8 40. Kg1
Qh8 41. Qf3 Qh2+ 42. Kf1 Qh4 43. g5 Ng4 44. Ke2 Be7 45. Qf4 Bxg5 46. Qxg5 Qxf2+
47. Kd1 Qxd4+ 48. Ke2 Qf2+ 49. Kd1 Qg1+ 50. Ke2 d4 51. Nd3 Qg2+ 52. Kd1 Qf3+
53. Ke1 Qxd3 54. Qxg4 Qxc2 55. Qxd4+ e5 0-1